000 00719nam a2200253Ia 4500
005 20260121155320.0
008 008 260114s9999 xx 000 0 eng d
020 _a9780367809638
037 _aEBOOK
040 _aCRL
040 _beng
040 _cCRL
041 _2eng
041 _aeng
084 _qCRL
100 _a Carlos Toural-Bran; µngel Vizoso; Sara P‚rez-Seijo; Marta Rodr¡guez-Castro; Mar¡a-Cruz Negreira-Rey
_91018020
245 0 _aInformation Visualization in The Era of Innovative Journalism
260 _bTaylor and Francis
260 _c2020
856 _uhttp://www.taylorfrancis.com/books/9780367809638
942 _cEBOOK
999 _c1584839
_d1584839